[Event "Tournament 14459 - Europe Echecs"]
[Site "Europe Echecs"]
[Date "2020.07.07"]
[Round "4"]
[Time "15:43:08"]
[PlyCount "80"]
[White "BaderThomas"]
[Black "BatailleSimon"]
[WhiteElo "1072"]
[BlackElo "1230"]
[Mode "WEB"]
[Result "1-0"]

1. e4 c6 2. Bc4 d5 3. exd5 cxd5 4. Bb5+ Nc6 5. Bxc6+ bxc6 6. Nf3 Ba6 7. d3 Nf6
8. Bg5 e6 9. Nc3 Be7 10. O-O Qc7 11. Re1 Ng4 12. Bxe7 Qxe7 13. h3 Nf6 14. Ne5
O-O 15. Nxc6 Qc7 16. Ne5 Rfb8 17. Rb1 d4 18. Na4 Bb5 19. b3 Rb7 20. Nb2 Rc8 21.
Rc1 Bc6 22. c4 dxc3 23. Rxc3 Nd5 24. Rxc6 Qd8 25. Qc1 Rxc6 26. Qxc6 Rc7 27. Qa4
Nc3 28. Qa5 f6 29. Nec4 Nd5 30. Rxe6 Qd7 31. Rd6 Qc8 32. Qxd5+ Kf8 33. Rd8+ Qxd8
34. Qxd8+ Kf7 35. Qxc7+ Kg6 36. Qe7 Kg5 37. Ne3 Kg6 38. Nbc4 Kg5 39. Qxg7+ Kf4
40. Qxf6# {BatailleSimon est échec et mat} 1-0

[Event "Tournament 14459 - Europe Echecs"]
[Site "Europe Echecs"]
[Date "2020.07.07"]
[Round "4"]
[Time "15:43:08"]
[PlyCount "76"]
[White "RodriguezAugus"]
[Black "WadelOlivier"]
[WhiteElo "1229"]
[BlackElo "1070"]
[Mode "WEB"]
[Result "1-0"]

1. e4 e5 2. Nf3 Nc6 3. d4 exd4 4. Nxd4 Nf6 5. Nc3 Bb4 6. Nxc6 bxc6 7. Bd3 d5 8.
exd5 cxd5 9. O-O O-O 10. Bg5 Qd6 11. Nb5 Qe5 12. Bxf6 Qxf6 13. Nxc7 Rb8 14. Nxd5
Qg6 15. Bxg6 hxg6 16. Nxb4 Rxb4 17. b3 Bg4 18. f3 Bf5 19. c3 Rbb8 20. Qd2 Rbd8
21. Qb2 Bd3 22. Rfd1 Rfe8 23. Rd2 Ba6 24. Rxd8 Rxd8 25. c4 Bb7 26. Qc2 a5 27.
Rd1 Re8 28. Qd2 g5 29. Qd7 Bc6 30. Qxc6 Re2 31. Rd8+ Kh7 32. Qd5 Re1+ 33. Kf2
Rd1 34. Qxd1 f6 35. Qd3+ g6 36. Rd7+ Kh6 37. Qd6 Kh5 38. Rh7# {WadelOlivier est échec et mat} 1-0

[Event "Tournament 14459 - Europe Echecs"]
[Site "Europe Echecs"]
[Date "2020.07.07"]
[Round "4"]
[Time "15:43:08"]
[PlyCount "107"]
[White "BennaniJoachim"]
[Black "SauerMathis"]
[WhiteElo "1226"]
[BlackElo "1058"]
[Mode "WEB"]
[Result "0-1"]

1. e4 e5 2. Nf3 Nc6 3. Bc4 Be7 4. Nc3 Nf6 5. d3 O-O 6. Be3 d6 7. O-O Be6 8. Bb3
d5 9. exd5 Nxd5 10. d4 Nxc3 11. bxc3 f6 12. Bxe6+ Kh8 13. dxe5 fxe5 14. Bb3 Qe8
15. Qe2 Rd8 16. Rad1 Qg6 17. Rxd8 Rxd8 18. Rd1 Rf8 19. Bd2 Bd6 20. Be3 Be7 21.
Rd7 Bd6 22. Nd2 Qe8 23. Rxd6 cxd6 24. Ne4 Qd7 25. Qd3 d5 26. Qxd5 Qxd5 27. Bxd5
Rd8 28. c4 Nb4 29. c3 Nxd5 30. cxd5 Rxd5 31. Kf1 a6 32. Ke2 Ra5 33. Bd2 Rxa2 34.
Nc5 b6 35. Nd7 b5 36. Nxe5 a5 37. Nc6 b4 38. cxb4 axb4 39. Nxb4 Rb2 40. Nd5 Kg8
41. Ke3 Kf7 42. Bc3 Rb3 43. Ke4 Ke6 44. Bxg7 Ra3 45. Nf4+ Kf7 46. Be5 Ra4+ 47.
Kf3 Ra3+ 48. Kg4 Ra4 49. f3 Rb4 50. h4 Rb1 51. g3 Rf1 52. Nh3 Kg6 53. f4 h5# {BennaniJoachim est échec et mat} 0-1

[Event "Tournament 14459 - Europe Echecs"]
[Site "Europe Echecs"]
[Date "2020.07.07"]
[Round "4"]
[Time "15:43:08"]
[PlyCount "54"]
[White "SchmittVavihelA"]
[Black "DresensClement"]
[WhiteElo "1051"]
[BlackElo "1220"]
[Mode "WEB"]
[Result "1/2-1/2"]

1. e4 e5 2. Nf3 Nf6 3. Bc4 Bc5 4. Ng5 O-O 5. Nxf7 Rxf7 6. Bxf7+ Kxf7 7. Nc3 Nc6
8. O-O d6 9. d3 Ng4 10. h3 Nxf2 11. Rxf2+ Bxf2+ 12. Kxf2 h6 13. Bd2 Nd4 14. Be3
Qh4+ 15. Kg1 Qg3 16. Bxd4 exd4 17. Ne2 Qg6 18. Nxd4 Bxh3 19. Qf3+ Qf6 20. Qxh3
Qxd4+ 21. Kh2 Qxb2 22. Rf1+ Kg8 23. Qe6+ Kh7 24. Qf5+ Kg8 25. Qe6+ Kh7 26. Qf5+
Kg8 27. Qe6+ {Nulle par répétition} 1/2-1/2

[Event "Tournament 14459 - Europe Echecs"]
[Site "Europe Echecs"]
[Date "2020.07.07"]
[Round "4"]
[Time "15:43:08"]
[PlyCount "74"]
[White "MarzolfSamuel"]
[Black "DetrazLorna"]
[WhiteElo "1220"]
[BlackElo "1032"]
[Mode "WEB"]
[Result "1-0"]

1. e4 c5 2. Nf3 a6 3. d4 cxd4 4. Nxd4 e6 5. Nc3 Bb4 6. Bc4 b5 7. Bb3 Qa5 8. Bd2
Bb7 9. f3 Qb6 10. Nde2 Nf6 11. a3 Bc5 12. Rf1 O-O 13. Bg5 Ne8 14. e5 d5 15. exd6
Nxd6 16. Bf4 Nd7 17. Bxd6 Qxd6 18. Qxd6 Bxd6 19. O-O-O Bd5 20. Bxd5 exd5 21.
Rxd5 Bxh2 22. Rxd7 Rad8 23. Rxd8 Rxd8 24. g3 Re8 25. Rh1 Re3 26. Rxh2 Rxf3 27.
Rh1 g5 28. Rd1 f5 29. Rd3 Rf1+ 30. Kd2 h5 31. Rd4 Rh1 32. Ke3 h4 33. gxh4 gxh4
34. Rd1 h3 35. Rxh1 f4+ 36. Kxf4 h2 37. Rxh2 {DetrazLorna a abandonné} 1-0

[Event "Tournament 14459 - Europe Echecs"]
[Site "Europe Echecs"]
[Date "2020.07.07"]
[Round "4"]
[Time "15:43:08"]
[PlyCount "111"]
[White "LuuFreundEstel"]
[Black "YvonGregoire"]
[WhiteElo "1046"]
[BlackElo "1210"]
[Mode "WEB"]
[Result "0-1"]

1. e4 e5 2. Nf3 Nc6 3. Nc3 Nf6 4. d4 Bd6 5. dxe5 Nxe5 6. Bg5 h6 7. Bh4 g5 8. Bg3
Qe7 9. Nd5 Qd8 10. Nxe5 Bxe5 11. Bxe5 Rg8 12. Bxc7 Nxe4 13. Bxd8 Kxd8 14. Qe2
Re8 15. Qc4 Nd6+ 16. Kd1 Nxc4 17. Bxc4 Re4 18. Bb3 Rd4+ 19. Ke2 d6 20. Rad1 Re4+
21. Kf3 Bf5 22. Rhe1 Rxe1 23. Rxe1 Kd7 24. Ba4+ Kd8 25. Re7 Be6 26. Rxb7 Bxd5+
27. Ke3 Bxb7 28. c4 Rc8 29. b3 Bxg2 30. f3 Kc7 31. b4 f5 32. Kf2 Bh3 33. Kg3 Bg4
34. fxg4 fxg4 35. Kxg4 Rb8 36. a3 Kb6 37. b5 Kc5 38. Bb3 a6 39. bxa6 Rxb3 40. a7
Rxa3 41. a8=Q Rxa8 42. h4 Kxc4 43. hxg5 hxg5 44. Kxg5 d5 45. Kf5 Rd8 46. Kf4 d4
47. Kf3 d3 48. Ke4 d2 49. Ke3 d1=Q 50. Kf2 Qh5 51. Ke3 Re8+ 52. Kd2 Qd5+ 53. Kc2
Re2+ 54. Kc1 Qg5+ 55. Kd1 Qd2# {LuuFreundEstel est échec et mat} 0-1

[Event "Tournament 14459 - Europe Echecs"]
[Site "Europe Echecs"]
[Date "2020.07.07"]
[Round "4"]
[Time "15:43:08"]
[PlyCount "36"]
[White "SingaramSheyon"]
[Black "LamorelleAlexe"]
[WhiteElo "1209"]
[BlackElo "1009"]
[Mode "WEB"]
[Result "1-0"]

1. e4 e5 2. Nf3 Nc6 3. Bc4 Bc5 4. c3 Nf6 5. d4 exd4 6. cxd4 Bb4+ 7. Bd2 Bxd2+ 8.
Nbxd2 d6 9. d5 Ne5 10. Nxe5 dxe5 11. O-O O-O 12. Nb3 Bd7 13. f4 exf4 14. e5 Ne8
15. e6 fxe6 16. dxe6 Bc6 17. e7+ Kh8 18. exf8=Q# {LamorelleAlexe est échec et mat} 1-0

[Event "Tournament 14459 - Europe Echecs"]
[Site "Europe Echecs"]
[Date "2020.07.07"]
[Round "4"]
[Time "15:43:08"]
[PlyCount "47"]
[White "BriandEdouard"]
[Black "VijaySoukreev"]
[WhiteElo "1038"]
[BlackElo "1204"]
[Mode "WEB"]
[Result "0-1"]

1. e4 e5 2. Nf3 Nc6 3. Bc4 Nf6 4. Nc3 Nxe4 5. Nxe4 d5 6. Bxd5 Qxd5 7. Nc3 Qd8 8.
O-O Bd6 9. Re1 O-O 10. d3 Bg4 11. h3 Bh5 12. Qe2 Nd4 13. Qe3 Nxf3+ 14. gxf3 Qh4
15. Kf1 Qxh3+ 16. Ke2 Rfe8 17. Qg5 Qxf3+ 18. Kd2 Qxf2+ 19. Re2 Bxe2 20. Nxe2 e4
21. Kd1 exd3 22. Be3 Qxe2+ 23. Kc1 Qxc2# {BriandEdouard est échec et mat} 0-1

[Event "Tournament 14459 - Europe Echecs"]
[Site "Europe Echecs"]
[Date "2020.07.07"]
[Round "4"]
[Time "15:43:08"]
[PlyCount "58"]
[White "HeemAlice"]
[Black "JoinErnest"]
[WhiteElo "1203"]
[BlackElo "860"]
[Mode "WEB"]
[Result "1-0"]

1. e4 e5 2. Nf3 Nc6 3. d4 Nxd4 4. Nxd4 exd4 5. Qxd4 Nf6 6. e5 c5 7. Qc4 Ng8 8.
Be3 Qb6 9. b3 g6 10. Nc3 Bg7 11. Bf4 Qb4 12. Qxb4 cxb4 13. Nd5 d6 14. Nc7+ Kd8
15. Nxa8 dxe5 16. Bg3 e4 17. Rd1+ Bd7 18. Bb5 Nf6 19. Nc7 Kc8 20. Bxd7+ Nxd7 21.
Nb5 Bc3+ 22. Nxc3 bxc3 23. O-O h5 24. Rd4 h4 25. Bf4 g5 26. Bxg5 h3 27. g3 Nc5
28. Rc4 b6 29. Rxc3 {JoinErnest a abandonné} 1-0

[Event "Tournament 14459 - Europe Echecs"]
[Site "Europe Echecs"]
[Date "2020.07.07"]
[Round "4"]
[Time "15:43:08"]
[PlyCount "71"]
[White "ManvieuPaul"]
[Black "LetellierLouis"]
[WhiteElo "1018"]
[BlackElo "1203"]
[Mode "WEB"]
[Result "0-1"]

1. e4 c5 2. Nc3 d6 3. Bc4 Nc6 4. d3 Nf6 5. f4 g6 6. Nf3 Bg7 7. O-O O-O 8. Qe1 e6
9. f5 d5 10. Bb3 exf5 11. Qh4 fxe4 12. Ng5 exd3 13. Nxd5 h5 14. Nxf6+ Bxf6 15.
Qf4 Bxg5 16. Qxg5 Qxg5 17. Bxg5 dxc2 18. Bxc2 Nd4 19. Bd1 Bf5 20. Bf6 Rfe8 21.
Bxd4 cxd4 22. Bb3 Kg7 23. h3 Re2 24. Rab1 Bxb1 25. Rxb1 Rae8 26. Rf1 Re1 27.
Rxe1 Rxe1+ 28. Kf2 Rb1 29. Kf3 Rxb2 30. Kf4 Rxg2 31. Ke4 Rd2 32. Bd5 f5+ 33. Ke5
d3 34. Bxb7 Re2+ 35. Kd4 d2 {ManvieuPaul a abandonné} 0-1

[Event "Tournament 14459 - Europe Echecs"]
[Site "Europe Echecs"]
[Date "2020.07.07"]
[Round "4"]
[Time "15:43:08"]
[PlyCount "60"]
[White "VossZachary"]
[Black "ColinFelix"]
[WhiteElo "1196"]
[BlackElo "799"]
[Mode "WEB"]
[Result "1-0"]

1. e4 e5 2. Nf3 Nc6 3. Bb5 Nf6 4. d3 Bb4+ 5. c3 Bc5 6. d4 exd4 7. cxd4 Bb4+ 8.
Bd2 Bxd2+ 9. Nbxd2 d6 10. d5 a6 11. Ba4 b5 12. Bb3 Nb4 13. Qe2 O-O 14. a3 Nd3+
15. Qxd3 Bg4 16. h3 Bxf3 17. Nxf3 Qe7 18. Nd2 c5 19. dxc6 Rad8 20. O-O d5 21.
exd5 Nxd5 22. Bxd5 Rxd5 23. Qxd5 Qe6 24. Qxe6 fxe6 25. Rac1 Rd8 26. c7 Rc8 27.
Rfe1 Kf7 28. Ne4 Ke7 29. Red1 Rxc7 30. Rxc7+ {ColinFelix a abandonné} 1-0

[Event "Tournament 14459 - Europe Echecs"]
[Site "Europe Echecs"]
[Date "2020.07.07"]
[Round "4"]
[Time "15:43:08"]
[PlyCount "109"]
[White "DeMartinoDanie"]
[Black "PleutMael"]
[WhiteElo "870"]
[BlackElo "1191"]
[Mode "WEB"]
[Result "1/2-1/2"]

1. e4 e6 2. Nf3 d5 3. exd5 exd5 4. Nc3 c6 5. Be2 Bd6 6. O-O Nf6 7. d3 Bf5 8. h3
O-O 9. Re1 Re8 10. Bf1 Rxe1 11. Qxe1 Nbd7 12. b3 Qc7 13. g3 Re8 14. Qd1 g6 15.
Bg5 Kg7 16. Qd2 a6 17. Re1 Rxe1 18. Qxe1 h6 19. Bxf6+ Nxf6 20. Be2 Bxh3 21. Bf1
Bxf1 22. Qxf1 Ng4 23. Qh3 h5 24. Ng5 Qe7 25. Nf3 d4 26. Nxd4 Qe1+ 27. Kg2 Qxf2+
28. Kh1 Qxd4 29. Ne2 Nf2+ 30. Kg2 Nxh3 31. Nxd4 Ng5 32. Kf2 Bc5 33. c3 Ne6 34.
Ke3 Bxd4+ 35. cxd4 Kf6 36. a4 Kf5 37. b4 g5 38. Kd2 Nxd4 39. Kc3 Ne2+ 40. Kc4
Nxg3 41. b5 h4 42. bxc6 bxc6 43. Kc5 h3 44. Kxc6 h2 45. Kb6 h1=Q 46. Kxa6 Qc6+
47. Ka5 Ne2 48. d4 Nxd4 49. Kb4 g4 50. Ka5 g3 51. Kb4 g2 52. Ka5 g1=Q 53. Kb4
Qb1+ 54. Ka5 Qb3 {Nulle par pat} 1/2-1/2

[Event "Tournament 14459 - Europe Echecs"]
[Site "Europe Echecs"]
[Date "2020.07.07"]
[Round "4"]
[Time "15:43:08"]
[PlyCount "72"]
[White "DemangeTheopha"]
[Black "SixRobert"]
[WhiteElo "799"]
[BlackElo "1187"]
[Mode "WEB"]
[Result "1-0"]

1. e4 e5 2. Nf3 Nc6 3. Nc3 Nf6 4. d4 exd4 5. Nxd4 Bb4 6. Nxc6 bxc6 7. Bd3 d5 8.
exd5 cxd5 9. O-O O-O 10. Bd2 d4 11. Ne4 Bxd2 12. Nxf6+ Qxf6 13. Qxd2 Bb7 14.
Rad1 Qc6 15. f3 Qb6 16. b3 c5 17. Rfe1 Rfe8 18. Rxe8+ Rxe8 19. Re1 Rxe1+ 20.
Qxe1 g6 21. Qe8+ Kg7 22. Qe5+ Kg8 23. Kf1 Qc6 24. Bc4 a5 25. Qf4 Qd7 26. Ke2
Qe7+ 27. Kd3 Kg7 28. a4 Bc6 29. h4 Kh8 30. Qg5 f6 31. Qh6 Bd7 32. Bb5 Bf5+ 33.
Kd2 g5 34. hxg5 Qe3+ 35. Kd1 Qg1+ 36. Kd2 {SixRobert a perdu au temps} 1-0

[Event "Tournament 14459 - Europe Echecs"]
[Site "Europe Echecs"]
[Date "2020.07.07"]
[Round "4"]
[Time "15:43:08"]
[PlyCount "76"]
[White "LoosliTheo"]
[Black "DevezeLeopold"]
[WhiteElo "799"]
[BlackElo "1180"]
[Mode "WEB"]
[Result "1-0"]

1. e4 e5 2. Nf3 Nc6 3. Nc3 Nf6 4. Bb5 Bc5 5. d3 Ng4 6. O-O d6 7. h3 Nf6 8. Be3
O-O 9. Bc4 h6 10. Nd5 Nxd5 11. Bxd5 Nd4 12. c3 Nxf3+ 13. Qxf3 c6 14. Bb3 Bxe3
15. fxe3 Qg5 16. Bxf7+ Rxf7 17. Qxf7+ Kh8 18. Qf8+ Kh7 19. Qf3 Bd7 20. Kh2 Re8
21. Qg3 Qh5 22. Rf2 Re7 23. Raf1 b5 24. Rf3 a5 25. Qf2 Be6 26. a3 a4 27. Rf8 c5
28. Rb8 Bd7 29. Qf8 Re8 30. Rxe8 Bxe8 31. Qf5+ Qg6 32. Qxg6+ Bxg6 33. Rf8 h5 34.
Rd8 d5 35. Rxd5 c4 36. dxc4 bxc4 37. Rxe5 Bxe4 38. Rxe4 {DevezeLeopold a abandonné} 1-0

[Event "Tournament 14459 - Europe Echecs"]
[Site "Europe Echecs"]
[Date "2020.07.07"]
[Round "4"]
[Time "15:43:08"]
[PlyCount "153"]
[White "VerdierAnais"]
[Black "BernardiNicola"]
[WhiteElo "1159"]
[BlackElo "799"]
[Mode "WEB"]
[Result "0-1"]

1. d4 f6 2. c4 e5 3. Nf3 exd4 4. Nxd4 Bc5 5. Bf4 d5 6. e3 Bxd4 7. Qxd4 Nc6 8.
Qxd5 Qxd5 9. cxd5 Nb4 10. Bd3 Nxd3+ 11. Ke2 Nxb2 12. Bxc7 Bg4+ 13. f3 Bf5 14. e4
Bg6 15. Nc3 Nc4 16. Rab1 b6 17. Bg3 f5 18. Rb4 Rc8 19. Nb5 a5 20. Rxc4 Rxc4 21.
Nd6+ Ke7 22. Nxc4 fxe4 23. fxe4 Bxe4 24. Ne3 Nf6 25. Bh4 Kf7 26. Rf1 Rd8 27. g4
h6 28. Rf4 g5 29. Rxf6+ Kxf6 30. Be1 Bxd5 31. Bc3+ Kf7 32. a3 Re8 33. Kd3 Bf3
34. h3 h5 35. Bd4 hxg4 36. hxg4 Be4+ 37. Kc3 Bg6 38. Bxb6 Rc8+ 39. Kb3 Ra8 40.
Nc4 Rb8 41. Kc3 a4 42. Be3 Rb3+ 43. Kd4 Bd3 44. Ne5+ Kf8 45. Nxd3 Rxa3 46. Nc5
Ra1 47. Kc4 Ra3 48. Bc1 Rg3 49. Nxa4 Rxg4+ 50. Kb3 Rg3+ 51. Kc2 g4 52. Bf4 Rg2+
53. Kd3 g3 54. Bxg3 Rxg3+ 55. Kd4 Rg4+ 56. Kc3 Rxa4 57. Kb3 Ra5 58. Kb4 Rh5 59.
Kc4 Ke7 60. Kd4 Ke6 61. Kc4 Rd5 62. Kb4 Kd6 63. Kc4 Kc6 64. Kb4 Rc5 65. Ka4 Kb6
66. Kb4 Kc6 67. Ka4 Rb5 68. Ka3 Kc5 69. Ka4 Kc4 70. Ka3 Rb4 71. Ka2 Kc3 72. Ka3
Kc4 73. Ka2 Rb3 74. Ka1 Kc3 75. Ka2 Kc2 76. Ka1 Ra3# {VerdierAnais est échec et mat} 0-1

[Event "Tournament 14459 - Europe Echecs"]
[Site "Europe Echecs"]
[Date "2020.07.07"]
[Round "4"]
[Time "15:43:08"]
[PlyCount "109"]
[White "SemetroudenkoA"]
[Black "DeGouyEdgar"]
[WhiteElo "799"]
[BlackElo "1155"]
[Mode "WEB"]
[Result "0-1"]

1. e4 c5 2. Nf3 Nc6 3. Bc4 d6 4. O-O Nf6 5. d3 Bd7 6. Bf4 g6 7. Nc3 Bg7 8. h3
O-O 9. a3 a6 10. b4 cxb4 11. axb4 Nxb4 12. Rb1 a5 13. Re1 Rb8 14. Bb5 Bxb5 15.
Nxb5 Qb6 16. Nc3 Qc5 17. Ne2 Qxc2 18. Qxc2 Nxc2 19. Rec1 Na3 20. Rb3 a4 21. Rxa3
b5 22. Bg5 h6 23. Bxf6 Bxf6 24. Rb1 Rfc8 25. g3 Rc2 26. Nfd4 Rd2 27. Rc3 Bxd4
28. Nxd4 b4 29. Rc4 Rxd3 30. Rcxb4 Rd1+ 31. Rxd1 Rxb4 32. Nc6 Rc4 33. Na5 Rc5
34. Nb7 Rb5 35. Nd8 a3 36. Ra1 Ra5 37. Nc6 Ra4 38. e5 Kf8 39. exd6 exd6 40. Kg2
Ke8 41. Kf3 Kd7 42. Nb8+ Kc7 43. Na6+ Rxa6 44. Ke3 Kc6 45. Kd3 Kb5 46. Kc3 d5
47. Kb3 d4 48. Rxa3 Rxa3+ 49. Kxa3 Kc4 50. Kb2 d3 51. Kc1 Kc3 52. Kd1 d2 53. Ke2
Kc2 54. f4 d1=Q+ {SemetroudenkoA a abandonné} 0-1

[Event "Tournament 14459 - Europe Echecs"]
[Site "Europe Echecs"]
[Date "2020.07.07"]
[Round "4"]
[Time "15:43:08"]
[PlyCount "83"]
[White "PalmierNathan"]
[Black "LlariMarc"]
[WhiteElo "1150"]
[BlackElo "799"]
[Mode "WEB"]
[Result "0-1"]

1. e4 e6 2. d4 d5 3. e5 c5 4. Nf3 Nc6 5. Bb5 Qa5+ 6. Nc3 cxd4 7. Bxc6+ bxc6 8.
Nxd4 c5 9. Nc6 Qb6 10. Nxa7 Rxa7 11. Be3 Ne7 12. b3 d4 13. Na4 Rxa4 14. bxa4
dxe3 15. fxe3 Nd5 16. Qf3 Be7 17. e4 Nc7 18. O-O O-O 19. Rab1 Qa5 20. Qb3 Ba6
21. Rfd1 c4 22. Qg3 c3 23. Rd3 Bxd3 24. cxd3 c2 25. Rc1 Qd2 26. Rxc2 Qxc2 27. d4
Qd1+ 28. Kf2 Qxd4+ 29. Ke2 Qxe4+ 30. Kd1 Qb1+ 31. Kd2 Qxa2+ 32. Kd1 Qd5+ 33. Kc1
h6 34. Qf2 Bg5+ 35. Kb1 Rb8+ 36. Kc2 Qa2+ 37. Kc3 Qxf2 38. Kc4 Qxg2 39. h4 Qd5+
40. Kc3 Rb3+ 41. Kc2 Qd3# {PalmierNathan est échec et mat} 0-1

[Event "Tournament 14459 - Europe Echecs"]
[Site "Europe Echecs"]
[Date "2020.07.07"]
[Round "4"]
[Time "15:43:08"]
[PlyCount "59"]
[White "ZylbersztejnDo"]
[Black "RodionovVadim"]
[WhiteElo "1316"]
[BlackElo "1134"]
[Mode "WEB"]
[Result "0-1"]

1. e4 e6 2. d4 d5 3. Nc3 Bb4 4. e5 c5 5. Nf3 Nc6 6. a3 cxd4 7. Nxd4 Bxc3+ 8.
bxc3 Nxe5 9. Bf4 Ng6 10. Bg3 Nf6 11. Bb5+ Bd7 12. Bxd7+ Qxd7 13. O-O O-O 14. Re1
Ne4 15. h3 Nxc3 16. Qd3 Ne4 17. Bh2 Nf6 18. Rab1 b6 19. Nb5 Rac8 20. Bd6 Rfe8
21. Bh2 Rc6 22. Nd4 Rc4 23. c3 Rec8 24. Rec1 Ne4 25. Rb3 Nc5 26. Qd1 Nxb3 27.
Qxb3 Rxd4 28. cxd4 Rxc1+ 29. Qd1 Rxd1# {ZylbersztejnDo est échec et mat} 0-1

[Event "Tournament 14459 - Europe Echecs"]
[Site "Europe Echecs"]
[Date "2020.07.07"]
[Round "4"]
[Time "15:43:08"]
[PlyCount "111"]
[White "RosuAlexandru"]
[Black "NouvelJehan"]
[WhiteElo "1126"]
[BlackElo "1104"]
[Mode "WEB"]
[Result "0-1"]

1. e4 e6 2. d4 d5 3. exd5 exd5 4. Nf3 Bd6 5. Nc3 c6 6. Bd3 Nf6 7. O-O O-O 8. Bg5
Be6 9. Ne5 Nbd7 10. Nxd7 Bxd7 11. Qf3 Be7 12. Rfe1 Re8 13. Bxf6 Bxf6 14. Rxe8+
Qxe8 15. Qe3 Qxe3 16. fxe3 Re8 17. Re1 Bg5 18. e4 f5 19. e5 g6 20. Na4 b6 21. c4
Kg7 22. c5 b5 23. Nc3 Bd2 24. Rd1 Be3+ 25. Kh1 Bxd4 26. Re1 Rxe5 27. Rxe5 Bxe5
28. h3 Bd4 29. Kh2 Bxc5 30. Kg3 Bd6+ 31. Kf3 Kf6 32. a4 a6 33. axb5 axb5 34. g4
Be5 35. gxf5 Bxf5 36. Bxf5 Kxf5 37. Nd1 d4 38. Nf2 h5 39. Nd3 g5 40. b4 g4+ 41.
hxg4+ hxg4+ 42. Kg2 Bd6 43. Kf2 Ke4 44. Nc1 Bxb4 45. Kg3 d3 46. Nb3 d2 47. Nxd2+
Bxd2 48. Kxg4 c5 49. Kg3 c4 50. Kf2 c3 51. Ke2 b4 52. Kd1 b3 53. Ke2 b2 54. Kf2
b1=Q 55. Ke2 Qe1# {RosuAlexandru est échec et mat} 0-1

[Event "Tournament 14459 - Europe Echecs"]
[Site "Europe Echecs"]
[Date "2020.07.07"]
[Round "4"]
[Time "15:43:08"]
[PlyCount "57"]
[White "HermantAntoine"]
[Black "TirateauTom"]
[WhiteElo "980"]
[BlackElo "1440"]
[Mode "WEB"]
[Result "0-1"]

1. e4 e5 2. Nf3 Nc6 3. Bb5 Nf6 4. Nc3 Bb4 5. d3 d6 6. O-O O-O 7. Bg5 Bg4 8. Nd5
h6 9. Nxf6+ gxf6 10. Bxh6 Re8 11. h3 Bh5 12. c3 Ba5 13. b4 Bb6 14. c4 Nxb4 15.
Bxe8 Qxe8 16. Rb1 Nc6 17. Re1 Ba5 18. Re3 Bb6 19. Re2 Bxf3 20. gxf3 Kh8 21. Re1
Qg8+ 22. Kh1 Kh7 23. Be3 Qg7 24. Rg1 Qf8 25. f4 Bxe3 26. Qh5+ Qh6 27. Qxf7+ Kh8
28. fxe3 Qxh3# {HermantAntoine est échec et mat} 0-1

[Event "Tournament 14459 - Europe Echecs"]
[Site "Europe Echecs"]
[Date "2020.07.07"]
[Round "4"]
[Time "15:43:08"]
[PlyCount "53"]
[White "ErudelIrina"]
[Black "HorsotMaeva"]
[WhiteElo "1620"]
[BlackElo "1070"]
[Mode "WEB"]
[Result "0-1"]

1. e4 e5 2. Nf3 Nc6 3. Bc4 Nf6 4. Nc3 Bc5 5. d3 O-O 6. Bd2 h6 7. Qc1 d6 8. h3
Be6 9. Bb3 Qe7 10. Bxh6 Nh7 11. Qd2 Nd4 12. Nxd4 Bxd4 13. O-O-O a5 14. a3 Qf6
15. Be3 c5 16. Nb5 Bxb3 17. cxb3 a4 18. b4 cxb4 19. axb4 Rfc8+ 20. Kb1 Qd8 21.
Nxd4 exd4 22. Bxd4 a3 23. Qe3 Qc7 24. Qg3 Qc2+ 25. Ka2 axb2+ 26. Ba7 Rxa7# {ErudelIrina est échec et mat} 0-1

[Event "Tournament 14459 - Europe Echecs"]
[Site "Europe Echecs"]
[Date "2020.07.07"]
[Round "4"]
[Time "15:43:08"]
[PlyCount "42"]
[White "ErudelMaeva"]
[Black "IentileTimeo"]
[WhiteElo "1500"]
[BlackElo "1064"]
[Mode "WEB"]
[Result "1-0"]

1. d4 d5 2. e3 e6 3. Nd2 Nf6 4. f4 c5 5. c3 Nc6 6. Bd3 Bd6 7. Ngf3 O-O 8. O-O
Ng4 9. Qe2 Nf6 10. Ne5 Nxe5 11. fxe5 c4 12. Bc2 Ne4 13. exd6 Qxd6 14. Nxe4 dxe4
15. Bxe4 e5 16. Qxc4 Be6 17. Qe2 Qc7 18. Qh5 g6 19. Qh4 Bc4 20. Rf3 Be2 21. Rh3 {IentileTimeo a abandonné} 1-0

[Event "Tournament 14459 - Europe Echecs"]
[Site "Europe Echecs"]
[Date "2020.07.07"]
[Round "4"]
[Time "15:43:08"]
[PlyCount "39"]
[White "RobertLouis"]
[Black "GerandiPierreM"]
[WhiteElo "1080"]
[BlackElo "1330"]
[Mode "WEB"]
[Result "0-1"]

1. e4 e5 2. Nf3 Nc6 3. Bc4 d6 4. Nc3 Bg4 5. O-O Nf6 6. h3 Bh5 7. d3 Nd4 8. Be3
Nxf3+ 9. gxf3 Qd7 10. Kh2 Be7 11. Bb5 c6 12. Bc4 O-O 13. Qd2 Kh8 14. Rg1 Rg8 15.
Bxf7 Bxf7 16. Bg5 Qe6 17. Rg2 Be8 18. Rag1 Bd7 19. Qe3 Qxh3# {RobertLouis est échec et mat} 0-1

[Event "Tournament 14459 - Europe Echecs"]
[Site "Europe Echecs"]
[Date "2020.07.07"]
[Round "4"]
[Time "15:43:08"]
[PlyCount "42"]
[White "RobertPaul"]
[Black "FournierLucas"]
[WhiteElo "1070"]
[BlackElo "1320"]
[Mode "WEB"]
[Result "1-0"]

1. e4 e5 2. Nf3 Nc6 3. Bc4 Nf6 4. O-O Bc5 5. Nc3 d6 6. d3 Bg4 7. h3 Be6 8. Bxe6
O-O 9. Bc4 a6 10. Bg5 b5 11. Bb3 a5 12. Nxb5 Rb8 13. Nc3 Bd4 14. Nxd4 exd4 15.
Nd5 Qd7 16. Nxf6+ gxf6 17. Bxf6 Nb4 18. a3 Na6 19. Qf3 Nc5 20. Qg3+ Qg4 21.
Qxg4# {FournierLucas est échec et mat} 1-0

[Event "Tournament 14459 - Europe Echecs"]
[Site "Europe Echecs"]
[Date "2020.07.07"]
[Round "4"]
[Time "15:43:08"]
[PlyCount "137"]
[White "OgierDaniil"]
[Black "HanszJules"]
[WhiteElo "1059"]
[BlackElo "1310"]
[Mode "WEB"]
[Result "0-1"]

1. d4 d5 2. Nf3 b6 3. g3 Bb7 4. Bg2 g6 5. O-O Bg7 6. Nbd2 e6 7. c4 dxc4 8. Nxc4
Nf6 9. Bf4 Nc6 10. Nce5 Nxe5 11. Nxe5 Bxg2 12. Kxg2 Qd5+ 13. Kg1 Nh5 14. e3 Nxf4
15. exf4 Bxe5 16. fxe5 O-O 17. b3 Rad8 18. Rc1 c5 19. dxc5 Qxd1 20. Rfxd1 Rxd1+
21. Rxd1 bxc5 22. Rd7 Kg7 23. Rxa7 Kh6 24. Rc7 Kg5 25. f4+ Kf5 26. Rxc5 Ra8 27.
a4 Rb8 28. Rb5 Rd8 29. Ra5 Rd1+ 30. Kf2 Rd2+ 31. Ke3 Rxh2 32. Rc5 Rh3 33. Kf3 g5
34. Kg2 Kg4 35. a5 Rxg3+ 36. Kf2 Rxb3 37. fxg5 Kf4 38. Rc4+ Kxg5 39. Ra4 Rb2+
40. Ke3 Rb3+ 41. Kd4 Rb8 42. a6 Rd8+ 43. Kc5 h5 44. a7 Ra8 45. Kb6 f5 46. Kb7
Rxa7+ 47. Kxa7 f4 48. Ra1 h4 49. Kb6 Kg4 50. Kc5 Kg3 51. Ra2 f3 52. Kd4 f2 53.
Ra1 Kg2 54. Ke3 f1=Q 55. Rxf1 Kxf1 56. Kf3 h3 57. Kg3 Ke2 58. Kxh3 Ke3 59. Kh4
Ke4 60. Kg4 Kxe5 61. Kg5 Ke4 62. Kg4 e5 63. Kg3 Ke3 64. Kg2 e4 65. Kg3 Ke2 66.
Kg2 e3 67. Kg1 Ke1 68. Kg2 e2 {OgierDaniil a abandonné} 0-1

[Event "Tournament 14459 - Europe Echecs"]
[Site "Europe Echecs"]
[Date "2020.07.07"]
[Round "4"]
[Time "15:43:08"]
[PlyCount "64"]
[White "ChanthavongsaN"]
[Black "BainthouverezA"]
[WhiteElo "1253"]
[BlackElo "1058"]
[Mode "WEB"]
[Result "1-0"]

1. e4 e5 2. Nf3 Nc6 3. Bb5 Nf6 4. O-O Bc5 5. Re1 O-O 6. c3 d6 7. h3 Be6 8. d4
Bb6 9. d5 a6 10. Ba4 Bd7 11. dxc6 bxc6 12. Bg5 d5 13. exd5 cxd5 14. Nxe5 Bxa4
15. Qxa4 Re8 16. Nd2 Qd6 17. Ndf3 Ne4 18. Nd3 Nc5 19. Nxc5 Qxc5 20. Qxe8+ Rxe8
21. Rxe8+ Qf8 22. Rxf8+ Kxf8 23. Re1 g6 24. Be7+ Kg7 25. Rd1 f6 26. Rxd5 Kh6 27.
Bc5 Ba5 28. Be3+ g5 29. Rxa5 Kg6 30. Rxa6 Kh5 31. Rxf6 h6 32. g4# {BainthouverezA est échec et mat} 1-0

[Event "Tournament 14459 - Europe Echecs"]
[Site "Europe Echecs"]
[Date "2020.07.07"]
[Round "4"]
[Time "15:43:08"]
[PlyCount "66"]
[White "NicaudSebastie"]
[Black "DesfontaineArt"]
[WhiteElo "1058"]
[BlackElo "1250"]
[Mode "WEB"]
[Result "1-0"]

1. e4 e5 2. Nf3 Nc6 3. c3 Nf6 4. d4 exd4 5. e5 Nd5 6. Bc4 Nb6 7. Bb3 dxc3 8. O-O
cxb2 9. Bxb2 d5 10. exd6 cxd6 11. Re1+ Be7 12. Bxg7 Rg8 13. Bb2 Bh3 14. g3 Qc7
15. Nd4 Nxd4 16. Qxd4 Rg4 17. Qh8+ Kd7 18. Qxh7 Kc8 19. Qxh3 Qd7 20. Rxe7 Qxe7
21. Qxg4+ Nd7 22. Ba4 Kb8 23. Bxd7 Qe1+ 24. Kg2 Qe7 25. Nd2 Kc7 26. Ba4 Rd8 27.
Qc4+ Kb8 28. Qf4 Qe2 29. Bf6 Rc8 30. Bd7 Rc7 31. Qxd6 Qh5 32. Qf8+ Rc8 33. Qxc8# {DesfontaineArt est échec et mat} 1-0